000 00367pab a2200157 454500
008 180718b1995 xxu||||| |||| 00| 0 eng d
100 _aGulati, Urvashi
245 _aViolence against women.
260 _c1995
300 _ap.33-39
362 _aFeb
650 _aViolence - India
650 _aWomen - India
773 _aKurukshetra (English)
909 _a28574
999 _c28574
_d28574